000 01219nam a2200325 i 4500
001 000004104
003 DO-SdBNP
005 20250911080215.0
007 ta
008 090717s1998 dr ac r 001 0 spa d
020 _a843120236X
040 _aDO-SdBNP
_bspa
_cBNPHU
_erda
082 4 _a972.93053
_bB171m 1997
_222
100 1 _a Balaguer, Joaquín,
_d1906-2002
_eautor
_4aut.
_976556
245 1 0 _aMemorias de un cortesano en la era de Trujillo /
_cJoaquín Balaguer.
250 _aDecimocuarta edición
264 4 _aSanto Domingo :
_bEditora Corripio,
_c1997.
300 _a422 páginas :
_bilustraciones, retratos ;
_c24 cm.
336 _atexto
_btxt
_2rdacontent
337 _asin mediación
_bn
_2rdamedia
338 _avolumen
_bnc
_2rdacarrier
500 _aIncluye referencias bibliográficas, notas al pie de las páginas e índice
590 _aInventariado, 2019/MFF
600 1 4 _a Balaguer, Joaquín,
_d1906-2002
_976556
600 1 4 _aTrujillo Molina, Rafael Leónidas,
_d 1891-1961
_976764
650 4 _aPresidentes
_zRepública Dominicana
_xBiografías
_91790
651 4 _aRepública Dominicana
_xPolítica y gobierno
_y1930-1961
_9479
910 _aValidado. Control de calidad MFF
942 _2ddc
_cLBS1
999 _c3922
_d3922